The Music of the primes (Record no. 18868)

MARC details
000 -LEADER
fixed length control field 00521nam a2200181Ia 4500
003 - CONTROL NUMBER IDENTIFIER
control field IN-BaIIA
008 - FIXED-LENGTH DATA ELEMENTS--GENERAL INFORMATION
fixed length control field 211028s9999 xx 000 0 eng d
020 ## - INTERNATIONAL STANDARD BOOK NUMBER
International Standard Book Number 978-1-84115-580-7
040 ## - CATALOGING SOURCE
Transcribing agency IIA Library
080 ## - UNIVERSAL DECIMAL CLASSIFICATION NUMBER
Universal Decimal Classification number 511
Item number DUS
100 ## - MAIN ENTRY--PERSONAL NAME
Personal name du Sautoy, Marcus
9 (RLIN) 36075
245 #4 - TITLE STATEMENT
Title The Music of the primes
Remainder of title why an unsolved problems in mathematics matters
Statement of responsibility, etc. Marcus du Sautoy
260 ## - PUBLICATION, DISTRIBUTION, ETC.
Place of publication, distribution, etc. London
Name of publisher, distributor, etc. Harper Perennial
Date of publication, distribution, etc. 2004
300 ## - PHYSICAL DESCRIPTION
Extent 335p.
650 ## - SUBJECT ADDED ENTRY--TOPICAL TERM
Topical term or geographic name entry element Mathematics
9 (RLIN) 82
650 ## - SUBJECT ADDED ENTRY--TOPICAL TERM
Topical term or geographic name entry element Prime numbers
9 (RLIN) 36076
942 ## - ADDED ENTRY ELEMENTS (KOHA)
Koha item type Books
Holdings
Withdrawn status Lost status Damaged status Not for loan Home library Current library Shelving location Date acquired Source of acquisition Cost, normal purchase price Total Checkouts Full call number Barcode Date last seen Cost, replacement price Price effective from Koha item type Purchase Price
        IIA Library-Bangalore IIA Library-Bangalore General Stacks 14/03/2014 FLI 628.00   511/ DUS 19790 05/11/2021 628.00 14/03/2014 Books Rs. 628.00

Powered by Koha